English Football Premier League - 100 Goals - Sudden Death - Statistics

General Stats
  • This quiz has been taken 615 times
    81 since last reset
  • The average score is 19 of 35
Answers on the Grid
Answers color-coded by a green-red scale on the quiz's grid according to % correct below.
Sergio Aguero
Nicolas Anelka
Michael Antonio
Darren Bent
Jarrod Bowen
Andrew Cole
Peter Crouch
Jermain Defoe
Paolo di Canio
Didier Drogba
Dion Dublin
Les Ferdinand
Rio Ferdinand
Jimmy Floyd Hasselbaink
Robbie Fowler
Steven Gerrard
Ryan Giggs
Olivier Giroud
Ole Gunnar Solskjaer
Erling Haaland
Eden Hazard
Thierry Henry
Emile Heskey
Son Heung-Min
Harry Kane
Robbie Keane
Frank Lampard
Matt Le Tissier
Romelu Lukaku
Sadio Mane
Michael Owen
Cristiano Ronaldo
Wayne Rooney
Mohamed Salah
Paul Scholes
Alan Shearer
Teddy Sheringham
Raheem Sterling
Ruud van Nistlerooij
Robin van Persie
Jamie Vardy
Callum Wilson
Ian Wright
Dwight Yorke
 
Answer Stats
Answer % Correct
Sergio Aguero
94%
Alan Shearer
77%
Didier Drogba
75%
Harry Kane
75%
Wayne Rooney
73%
Mohamed Salah
71%
Thierry Henry
69%
Erling Haaland
67%
Frank Lampard
65%
Jermain Defoe
65%
Robin van Persie
63%
Andrew Cole
62%
Jamie Vardy
62%
Ryan Giggs
56%
Cristiano Ronaldo
54%
Ian Wright
54%
Steven Gerrard
54%
Son Heung-Min
52%
Dwight Yorke
50%
Michael Owen
50%
Raheem Sterling
50%
Peter Crouch
48%
Robbie Fowler
48%
Teddy Sheringham
48%
Sadio Mane
46%
Les Ferdinand
44%
Jimmy Floyd Hasselbaink
42%
Matt Le Tissier
42%
Nicolas Anelka
40%
Robbie Keane
38%
Emile Heskey
37%
Romelu Lukaku
37%
Paul Scholes
35%
Dion Dublin
33%
Darren Bent
29%
No matching quizzes found
Score Distribution
Percent of People with Each Score
Percentile by Number Answered
Your Score History
You have not taken this quiz since the last reset